| 000 | 00474nam a2200145Ia 4500 | ||
|---|---|---|---|
| 041 | _aArabic | ||
| 082 | _a341,21 cut-599 ح | ||
| 100 | _a20260118u\\\\\\\\\\\y0engy0103\\\\ba | ||
| 100 | _aد.خليل حسين | ||
| 245 | 0 | _aالمنظمات القارية والاقليمية - التنظيم الدولي - المجلد الثاني | |
| 250 | _aط1 | ||
| 260 |
_bدار المنهل اللبناني _aبيروت - لبنان _c2010 |
||
| 300 | _a636 | ||
| 942 | _cBk | ||
| 999 |
_c187790 _d187790 |
||